| 000 | 00913nam a2200277Ia 4500 | ||
|---|---|---|---|
| 003 | OSt | ||
| 005 | 20220918171409.0 | ||
| 006 | a|||||r|||| 00| 0 | ||
| 007 | ta | ||
| 008 | 220917b |||||||| |||| 00| 0 eng d | ||
| 020 |
_a9781615207671 (hbk) _c8434.79 |
||
| 024 | _a243,451 | ||
| 037 |
_b36, 14/07/2010, Sunrise Books _cTextual |
||
| 040 |
_aARTS _cARTS _beng |
||
| 041 |
_2eng _aeng |
||
| 082 | _a2:(D65,8(B)), Q0 | ||
| 100 |
_aAshraf Tariq _936339 |
||
| 245 | 0 |
_aDeveloping sustainable digital libraries _b Socio-technical perspectives |
|
| 260 |
_aHershey _bInformation Science Reference USA _c2010 |
||
| 300 |
_axvi,362p. _ccm. |
||
| 650 | _aLIBRARY SCIENCE | ||
| 700 |
_a Gulati Puja Anand _936340 |
||
| 700 | _a Sharma Jaideep | ||
| 942 |
_h2:(D65,8(B)), Q0 _cTEXL _2CC |
||
| 999 |
_c139394 _d139394 |
||